Chẩn đoán và điều trị các bệnh ngoại khoa

Chẩn đoán và điều trị các bệnh ngoại khoa là cuốn sách đã được GS.TS.BS. Đặng Hanh Đệ và các nhà giáo giàu kinh nghiệm cùa Bộ môn Ngoại Trường Đại học Y Hà Nội biên soạn theo đúng phương châm cung cấp kiến thức cơ bản, hệ thống, nội dung...

ver descrição completa

Na minha lista:
Detalhes bibliográficos
Autor principal: Đặng Hanh Đệ (Chủ biên)
Autor Corporativo: Bộ Y tế
Formato: Livro
Idioma:Vietnamese
Publicado em: H Giáo dục Việt Nam 2013
Assuntos:
Tags: Adicionar Tag
Sem tags, seja o primeiro a adicionar uma tag!
Thư viện lưu trữ: Thư viện Trường Đại học Nam Cần Thơ
LEADER 01444nam a22002177a 4500
001 NCT_28880
008 180412b xxu||||| |||| 00| 0 vie d
999 |c 1387  |d 1387 
020 |c 500000 
082 0 4 |2 23rd ed.  |a 617  |b Đ250 
100 1 |a Đặng Hanh Đệ  |e Chủ biên 
245 1 |a Chẩn đoán và điều trị các bệnh ngoại khoa  |c Đặng Hanh Đệ 
260 |a H  |b Giáo dục Việt Nam  |c 2013 
300 |a 951tr.  |b minh họa  |c 27cm 
520 3 |a Chẩn đoán và điều trị các bệnh ngoại khoa là cuốn sách đã được GS.TS.BS. Đặng Hanh Đệ và các nhà giáo giàu kinh nghiệm cùa Bộ môn Ngoại Trường Đại học Y Hà Nội biên soạn theo đúng phương châm cung cấp kiến thức cơ bản, hệ thống, nội dung và thuật ngữ chính xác, cập nhật tiến bộ khoa học - kỹ thuật hiện đại và thực tiễn Việt Nam. 
653 |a Y đa khoa 
710 2 |a Bộ Y tế 
942 |2 ddc  |c BK 
952 |0 0  |1 0  |2 ddc  |4 0  |6 617_000000000000000_Đ250  |7 0  |9 6821  |a 000001  |b 000001  |d 2018-04-12  |o 617 Đ250  |p MD.10761  |r 2018-04-12  |v 500000.00  |w 2018-04-12  |y BK 
952 |0 0  |1 0  |2 ddc  |4 0  |6 617_000000000000000_Đ250  |7 0  |9 15375  |a 000001  |b 000001  |d 2019-02-13  |o 617 Đ250  |p MD.14220  |r 2019-02-13  |v 500000.00  |w 2019-02-13  |y BK 
980 |a Thư viện Trường Đại học Nam Cần Thơ